01059cam a22002777a 4500999001700000003000900017005001700026008004100043040004200084082003000126100007300156245006200229264008500291300002900376336002600405337003500431338002900466490003500495541001800530590001000548650004500558653002400603655001700627942001200644952012500656 c13934d13934EG-ScBUE20200122133701.0100426s1995 ua f 000 0 ara d aEG-SCBEbaraerdacEG-ScBUEdEG-ScBUE04a892.7099282bي و س2221 aيوسف، عبد التواب،‏d1928-2015،eمؤلف.91367510aعن أدب الطفل /cعبد التواب يوسف. 1aالقاهرة :bالهيئة العامة لقصور الثقافة،c1995. a273 صفحة ؛c19 سم 2rdacontentaنصbtxt 2rdamediaaبدون وسيطbn 2rdacarrieraمجلدbnc0 aمكتبة الشباب ؛v32 aد. باسم. aeman  7aأدب الأطفال.2BUEsh913676 bARALITcJanuary2020 vReading book 2ddccBB 00102ddc40708BaccahaMAINbMAINc2NDd2010-04-26eDonationo892.7099282 ي و سp000020728r2025-07-15 00:00:00yBB